000 00693nam a22002417a 4500
003 UA-OsUOA
001 99146
007 ta
008 20130424b un ||||| |||| 00| 0 ukr d
100 _aСлавин Л.
090 _a821.161.1
_bС47
942 _cBK
040 _aUA-OsUOA
_brus
_cUA-OsUOA
_dUA-OsUOA
245 _aНаследник
_bроманы, повесть, рассказы
300 _a667 с.
_bІлюстрації
955 _a3
041 _arus
080 _a821.161.1
260 _aМ.
_bХудожественная литература
_c1990
044 _aRU
650 7 _a82 Література. Літературознавство
_2UDC
999 _c385662
_d385662